[Event "Reykjavik Kvika op"]
[Site "Reykjavik"]
[Date "2022.04.10"]
[Round "6"]
[White "Popvasilev, Kalojan"]
[Black "Sarkisian, Arman"]
[Result "1-0"]
[WhiteElo "2191"]
[BlackElo "1862"]
[PlyCount "55"]
[EventDate "2022.04.06"]
[EventType "swiss"]
[EventRounds "9"]
[EventCountry "ISL"]
[SourceTitle "CBM 207 Extra"]
[Source "ChessBase"]
[SourceDate "2022.05.31"]
[SourceVersion "1"]
[SourceVersionDate "2022.05.31"]
[SourceQuality "1"]

1. e4 e6 2. d4 d5 3. Nd2 c5 4. Ngf3 cxd4 5. Nxd4 Nc6 6. N4b3 dxe4 7. Nxe4 Qxd1+ 8. Kxd1 Bd7 9. c3 0-0-0 10. Kc2 e5 11. Bd3 b6 12. f3 f6 13. Rd1 Kc7 14. Bc4 Nge7 15. a4 Nc8 16. a5 Nd6 17. axb6+ axb6 18. Bd5 Be7 19. Be3 h6 20. Nxd6 Bxd6 21. Ra6 Rb8 22. Bxc6 Bxc6 23. Rxb6 Rxb6 24. Bxb6+ Kxb6 25. Rxd6 Kc7 26. Rd1 e4 27. Nd4 exf3 28. gxf3 1-0

[Event "Reykjavik Kvika op"]
[Site "Reykjavik"]
[Date "2022.04.07"]
[Round "3"]
[White "Sarkisian, Arman"]
[Black "Garbuz, Vitaliy"]
[Result "1/2-1/2"]
[WhiteElo "1862"]
[BlackElo "2142"]
[PlyCount "23"]
[EventDate "2022.04.06"]
[EventType "swiss"]
[EventRounds "9"]
[EventCountry "ISL"]
[SourceTitle "CBM 207 Extra"]
[Source "ChessBase"]
[SourceDate "2022.05.31"]
[SourceVersion "1"]
[SourceVersionDate "2022.05.31"]
[SourceQuality "1"]

1. d4 Nf6 2. Nc3 c5 3. dxc5 e5 4. Be3 Ng4 5. Qd5 Nc6 6. 0-0-0 Nxe3 7. fxe3 Be7 8. Nf3 0-0 9. Nxe5 Nxe5 10. Qxe5 Bf6 11. Qd5 Bxc3 12. bxc3 1/2-1/2